Life-saving appliances including LSA code (Record no. 12504)

000 -LEADER
fixed length control field 00502nam a22001697a 4500
008 - FIXED-LENGTH DATA ELEMENTS--GENERAL INFORMATION
fixed length control field 240930b 2023 ||||| |||| 00| 0 eng d
020 ## - INTERNATIONAL STANDARD BOOK NUMBER
International Standard Book Number 9789280117530
082 ## - DEWEY DECIMAL CLASSIFICATION NUMBER
Classification number 623.865
Item number IMO
110 ## - MAIN ENTRY--CORPORATE NAME
Corporate name or jurisdiction name as entry element IMO - International Maritime Organization
245 ## - TITLE STATEMENT
Title Life-saving appliances including LSA code
260 ## - PUBLICATION, DISTRIBUTION, ETC. (IMPRINT)
Place of publication, distribution, etc London
Name of publisher, distributor, etc International Maritime Organization
Date of publication, distribution, etc 2023
300 ## - PHYSICAL DESCRIPTION
Extent viii,200p.
650 ## - SUBJECT ADDED ENTRY--TOPICAL TERM
Topical term or geographic name as entry element Visual Signals
650 ## - SUBJECT ADDED ENTRY--TOPICAL TERM
Topical term or geographic name as entry element Survival Craft
650 ## - SUBJECT ADDED ENTRY--TOPICAL TERM
Topical term or geographic name as entry element Line-throwing appliances
942 ## - ADDED ENTRY ELEMENTS (KOHA)
Item type Books
Holdings
Withdrawn status Lost status Source of classification or shelving scheme Damaged status Not for loan Collection code Permanent location Current location Shelving location Date acquired Full call number Barcode Date last seen Koha item type Public note
          Reference IMU-MPC Library IMU-MPC Library IMO Shelf 2024-09-30 623.865 IMO MPC6892 2025-03-17 Books IMO SHELF
Copyright © 2021 Indian Maritime University, Mumbai Port Campus. All Rights Reserved. Managed & Maintained by Central Library, IMU-Mumbai

webs counters

Powered by Koha